Hospodárstvo Slovenska a prechod k trhu

Guardado en:
Detalles Bibliográficos
Formato: Libro
Lenguaje:eslovaco
Publicado: Bratislava Bradlo 1991
Edición:1. vyd.
Etiquetas: Agregar Etiqueta
Sin Etiquetas, Sea el primero en etiquetar este registro!

MARC

LEADER 00000nam a2200000 4500
001 c024477
005 20221214101604.2
041 0 |a slo 
044 |a SK 
245 1 0 |a Hospodárstvo Slovenska a prechod k trhu 
250 |a 1. vyd. 
264 1 |a Bratislava  |b Bradlo  |c 1991 
300 |a 191 s.